000 00719nam a2200181 4500
999 _c16222
_d16222
008 210811b ||||| |||| 00| 0 eng d
022 _a10422587
082 _aDPer 658.405 En86 2016
245 _aReaching and acquiring valuable resources:
_bthe entrepreneur's use of brokerage, cohesion, and embeddedness/
_cSalih Zeki Ozdemir [and three others].
260 _aHoboken, NJ:
_bWiley Subscription Services, Inc.,
_cc2016.
300 _av40 n1, pages 49-80;
_billustrations;
_c25 cm.
650 _aEntrepreneurs
_xStrategy.
_943481
650 _aBusiness
_xStrategy.
_943482
700 _aMoran, P.
_eAuthor.
_943483
700 _aZhong, X.
_eAuthor.
_943484
700 _aBliemel, M. J.
_eAuthor.
_943485
942 _2ddc
_cPER